| 000 | 02300njm a2200397Ia 4500 | ||
|---|---|---|---|
| 001 | C4474 | ||
| 003 | IT-RoPAU | ||
| 005 | 20220918181115.0 | ||
| 008 | 131025s9999 xx 000 0 und d | ||
| 040 | _aIT-RoPAU | ||
| 040 | _cIT-RoPAU | ||
| 999 |
_c99325 _d99325 |
||
| 999 | _bn.d. | ||
| 100 |
_aAA.VV. _9794 |
||
| 100 |
_eAutore musica _929959 |
||
| 100 |
_gCodice autore musica SPICS: 12000 _9796 |
||
| 245 | _aGil Evans Live 1986 - Unissued | ||
| 250 | _a2a ed. | ||
| 260 | _aMILANO | ||
| 260 |
_bRUSCONI _c1994 [1a Ed.:1986 - Ed. Lingua Orig.: 1986] |
||
| 300 | _aCOMPACT DISC | ||
| 300 | _c63 minuti (Testo: 0 pag.) | ||
| 500 | _aMusica jazz. Compact fuori commercio allegato al n. 7 1994 della rivista "Musica jazz" | ||
| 505 | _aBoogie Stop Shuffle [(Milano, 5 maggio 1986) (4:00)] - Subway [(Firenze, 7 maggio 1986) (17:00)] - Goodbye Pork Pie Hat (11:00) - Voodoo Chile [(Milano, 5 maggio 1986) (9:00)] - Here Come De Honey Man [(Lugano, 3 maggio 1986) (14:00)] - Eleven (Milano, 5 maggio 1986) (9:00)] | ||
| 511 | _aDavis Shanton: tr, flic; Evans Miles: tr, flic; Ono Shunzo: tr, flic; Clark John: corno; Lewis George: trne; Johnson Howard: tuba, bar, cl, b; Evans Bill: sop, ten; Hunter Chris: sop, alto, fl; Evans Gil: p, p el; Levin Pete: sint; Bullock Hiram: chit; Egan Mark: b el; Gottlieb Danny: batt | ||
| 650 |
_aJAZZ [COMPACT DISC] _eCodice MATERIA SPICS: 9949 _911822 |
||
| 700 |
_aEvans Gil _gCodice interprete SPICS: 10220 _eInterprete _929960 |
||
| 700 |
_aMingus Charles _gCodice autore musica SPICS: 11381 _eAutore musica _pBoogie Stop Shuffle - Goodbye Pork Pie Hat _929961 |
||
| 700 |
_aLevin Pete _gCodice autore musica SPICS: 41224 _eAutore musica _pSubway _929962 |
||
| 700 |
_aHendrix Jimi _gCodice autore musica SPICS: 5532 _eAutore musica _pVoodoo Chile _929963 |
||
| 700 |
_aHeyward Dubose _gCodice autore musica SPICS: 24225 _eAutore musica _pHere Come De Honey Man _929964 |
||
| 700 |
_aGershwin George _gCodice autore SPICS: 10668 _eAutore _pHere Come De Honey Man _929965 |
||
| 700 |
_aGershwin Ira _gCodice autore testo/musica SPICS: 10501 _eAutore testo/musica _pHere Come De Honey Man _929966 |
||
| 700 |
_aDavis Miles _gCodice autore musica SPICS: 10734 _eAutore musica _pEleven _929967 |
||
| 700 |
_aEvans Gil _gCodice autore SPICS: 10220 _eAutore _pEleven _929968 |
||
| 942 |
_cCD _2ddc |
||